RADIOGRAPHIC IMAGING (Record no. 13916)
[ view plain ]
| 000 -LEADER | |
|---|---|
| fixed length control field | 00284nam a22001337a 4500 |
| 003 - CONTROL NUMBER IDENTIFIER | |
| control field | SGT |
| 082 ## - DEWEY DECIMAL CLASSIFICATION NUMBER | |
| Classification number | 616.757 |
| Item number | R04C |
| 100 ## - MAIN ENTRY--PERSONAL NAME | |
| Personal name | CHESNEY, D. NOREEN |
| 245 ## - TITLE STATEMENT | |
| Title | RADIOGRAPHIC IMAGING |
| 260 ## - PUBLICATION, DISTRIBUTION, ETC. (IMPRINT) | |
| Place of publication, distribution, etc | INDIA |
| Name of publisher, distributor, etc | CBS |
| Year of Publication | 2004 |
| 300 ## - PAGE DESCRIPTION | |
| No. of Pages | 530 |
| 650 ## - SUBJECT ADDED ENTRY--TOPICAL TERM | |
| Topical term or geographic name as entry element | RADIOLOGY |
| 942 ## - ADDED ENTRY ELEMENTS (KOHA) | |
| Source of classification or shelving scheme | Dewey Decimal Classification |
| Koha item type | Books |
| 942 ## - ADDED ENTRY ELEMENTS (KOHA) | |
| -- | 74 |
| Withdrawn status | Lost status | Source of classification or shelving scheme | Damaged status | Not for loan | Collection code | Home library | Current library | Shelving location | Date acquired | Vendor Name | Cost, normal purchase price | SGTU | Bill Number | Total Checkouts | Full call number | Accession No. (Barcode) | Date last seen | Date last borrowed | Bill Date | Koha item type |
|---|---|---|---|---|---|---|---|---|---|---|---|---|---|---|---|---|---|---|---|---|
| Dewey Decimal Classification | MEDICAL | SGT Medical Library | SGT Medical Library | Text Book | 09/12/2017 | ABC | 395.00 | SGTU | 8349 | 20 | 616.757 R04C | FM8846 | 08/05/2026 | 08/05/2026 | 23/06/2017 | Books | ||||
| Dewey Decimal Classification | MEDICAL | SGT Medical Library | SGT Medical Library | Text Book | 09/12/2017 | ABC | 395.00 | SGTU | 8349 | 17 | 616.757 R04C | FM8847 | 28/11/2025 | 10/11/2025 | 23/06/2017 | Books | ||||
| Dewey Decimal Classification | MEDICAL | SGT Medical Library | SGT Medical Library | Text Book | 09/12/2017 | ABC | 395.00 | SGTU | 8349 | 20 | 616.757 R04C | FM8848 | 03/12/2025 | 28/11/2025 | 23/06/2017 | Books | ||||
| Dewey Decimal Classification | MEDICAL | SGT Medical Library | SGT Medical Library | Text Book | 09/12/2017 | ABC | 395.00 | SGTU | 8349 | 25 | 616.757 R04C | FM8849 | 05/12/2025 | 05/12/2025 | 23/06/2017 | Books | ||||
| Dewey Decimal Classification | MEDICAL | SGT Medical Library | SGT Medical Library | Text Book | 09/12/2017 | ABC | 395.00 | SGTU | 8349 | 21 | 616.757 R04C | FM8850 | 16/12/2025 | 07/11/2025 | 23/06/2017 | Books |